000 00459pab a2200169 454500
008 180718b2013 xxu||||| |||| 00| 0 eng d
100 _aKhasnabis, Ratan
245 _aEstimation of child labour and child workers: Result of a field survey
260 _c2013
300 _ap.393-413.
362 _aJul-Sep
650 _aChild labour
700 _aBanerjee, Sharmistha
773 _aIndian Journal of Labour Economics
908 _aN
909 _a102927
999 _c102925
_d102925